| 000 | 01237cam a2200313 a 4500 | ||
|---|---|---|---|
| 001 | 15127800 | ||
| 005 | 20090828101624.0 | ||
| 008 | 080104s2009 njua b 001 0 eng | ||
| 010 | _a 2008000389 | ||
| 020 | _a0135010985 | ||
| 020 | _a9780135010983 | ||
| 040 |
_aDLC _cDLC _dDLC |
||
| 050 | 0 | 0 |
_aTA351 _b.S64 2009 |
| 082 | 0 | 0 |
_a620.1123 _222 _b000023432 |
| 100 | 1 |
_aLimbrunner, George F. _923444 |
|
| 245 | 1 | 0 |
_aApplied Statics and Strength of Materials / _cGeorge F. Limbrunner, Leonard Spiegel. |
| 250 | _a5th ed. | ||
| 260 |
_aUpper Saddle River, N.J. : _bPearson Prentice Hall, 2009 _cc2009. |
||
| 300 |
_ax, 632 p. : _bill. ; _c26 cm. |
||
| 504 | _aIncludes bibliographical references and index. | ||
| 650 | 0 |
_aStatics. _923445 |
|
| 650 | 0 |
_aStrength of materials. _923446 |
|
| 653 |
_bMec _cApril2011 |
||
| 700 | 1 |
_aSpiegel, Leonard. _923447 |
|
| 856 | 4 | 1 |
_3Table of contents only _uhttp://www.loc.gov/catdir/toc/ecip087/2008000389.html |
| 942 |
_2ddc _cBB |
||
| 999 |
_c15208 _d15208 |
||